Experimental modelling in engineering
Saved in:
| Main Authors: | , |
|---|---|
| Format: | Bog |
| Sprog: | engelsk |
| Udgivet: |
Londres
Butterworths
1982
|
| Fag: | |
| Tags: |
Tilføj Tag
Ingen Tags, Vær først til at tagge denne postø!
|
MARC
| LEADER | 00000nam a2200000 a 4500 | ||
|---|---|---|---|
| 001 | UCY3813 | ||
| 003 | CL-VaPUC | ||
| 008 | 950118e19820000UK |||||||||||||||||eng|d | ||
| 082 | 0 | 4 | |a 620.0042 |b DAV |2 21 |
| 100 | 0 | |a David, F. W |e author |9 332217 | |
| 700 | 0 | |a Nolle, H |e author |9 332218 | |
| 245 | 1 | 0 | |a Experimental modelling in engineering |
| 300 | |a 185 p | ||
| 942 | |c BK | ||
| 945 | |d 19950118 00:00:00 |a mfernand | ||
| 260 | |a Londres |b Butterworths |c 1982 | ||
| 650 | 0 | |a Diseño en ingeniería |9 262406 | |
| 583 | |a last modification |c 19950118 00:00:00 |k Rodrigo Vera | ||
| 999 | |c 231860 |d 231858 | ||
| 952 | |0 0 |1 0 |4 0 |6 620_004200000000000_DAV_1982 |7 0 |8 CCM |9 235621 |a BIBCUR |b BIBCUR |d 2019-11-15 |i 3054063 |o 620.0042 DAV 1982 |p 3054063 |r 2025-04-22 |w 2019-11-15 |y BK |k CIM | ||